3/ Calendrier de l'Avent - Vrai-faux sur Noël - Statistiques

Statistiques générales
  • Ce quiz a été pris 40 fois
  • Le résultat moyen est 16 sur 24
Statistiques - réponses
Question Réponse % Correct
Le marché de Noël le plus connu est celui de Lille FAUX
100%
Le calendrier de l'Avent a été créé en France au XIXe siècle FAUX
100%
On dit que c'est Shakespeare qui aurait le premier placé des bougies dans un sapin FAUX
100%
La dinde a toujours été la viande de Noël FAUX
100%
Dans l'est et le nord de la France on continue à célébrer St Nicolas VRAI
100%
Avant d'être une fête chrétienne, Noël était célébré par les paiens. VRAI
100%
Le Père Noël habiterait en Laponie VRAI
100%
Le vin chaud est une boisson appréciée sur les marchés de Noël VRAI
100%
C'est en moyenne à 8 ans que les enfants comprennent que le Père Noël n'existe pas VRAI
100%
Avant d'être un dessert, la bûche de Noël était une vraie bûche VRAI
100%
Dans le Père Noël est une ordure la permanence téléphonique est celle de SOS détresse amitié VRAI
100%
Le Père Noël a été inspiré par St Nicolas VRAI
100%
En Provence on sert 15 desserts pour Noël FAUX
67%
Le Père Noël a un renne appelé Rodolphe FAUX
67%
Le sapin de Noël est une invention allemande ? FAUX
67%
Les santons de Provence sont apparus au XVIIe siècle FAUX
33%
On décore le sapin de boules depuis 1920 FAUX
33%
Jésus est né à Bethléem aujourd'hui en Jordanie FAUX
33%
Casse-noisette est un spectacle sur le thème de Noël créé en 1882 FAUX
33%
Il peut y avoir entre 22 et 28 jours dans l'avent VRAI
33%
Plus de la moitié des cadeaux de Noël offerts en France sont des livres, des DVD et des CD VRAI
33%
La date de naissance du Christ a été fixée en 354 VRAI
33%
En Provence, on sème du maïs le 4 décembre FAUX
0%
Au Japon la fête des amoureux est le 24 décembre VRAI
0%
Aucun quiz correspondant
Distribution des résultats
% des personnes avec chaque résultat
Percentile par nombre de réponses
Votre historique - résultats
Vous n’avez pas pris ce quiz